Economic dimension of creativity: measuring creativity for the modelling of economic growth

Analýza rôznych metód objasňujúcich ekonomický rozmer kreativity. Kreativitu je možné merať alebo aproximatizovať. Je to možné napr. pomocou indexov kreativity alebo pomocou vymedzenia kreatívnych odvetví. Takýto koncept umožňuje vytvoriť viaceré modely založené na rôznych prístupoch.

Enregistré dans:
Détails bibliographiques
Auteur principal: Ochotnický, Pavol
Autres auteurs: Alexy, Martin, 1976-
Format: Chapitre de livre
Langue:anglais
Sujets:
Tags: Ajouter un tag
Pas de tags, Soyez le premier à ajouter un tag!

MARC

LEADER 00000naa a2200000 4500
001 0167849
005 20240502072927.4
041 0 |a eng 
044 |a SK 
245 1 0 |a Economic dimension of creativity: measuring creativity for the modelling of economic growth  |c Pavol Ochotnický, Martin Alexy 
520 |a Analýza rôznych metód objasňujúcich ekonomický rozmer kreativity. Kreativitu je možné merať alebo aproximatizovať. Je to možné napr. pomocou indexov kreativity alebo pomocou vymedzenia kreatívnych odvetví. Takýto koncept umožňuje vytvoriť viaceré modely založené na rôznych prístupoch. 
610 2 0 |a modelovanie 
610 2 0 |a modely 
610 2 0 |a kreativita 
610 2 0 |a meranie 
610 2 0 |a rast hospodársky 
610 2 0 |a odvetvia činnosti ekonomickej 
100 1 |a Ochotnický, Pavol 
700 1 |a Alexy, Martin, 1976-